| 000 | 00988cam a2200301 a 4500 | ||
|---|---|---|---|
| 008 | |||
| 020 | _a9780729539050 (pbk.) | ||
| 049 | _aMAIN | ||
| 090 |
_aRC76 _bTAL |
||
| 100 | 1 | _aTalley, Nicholas Joseph | |
| 245 | 1 | 0 |
_aClinical examination : _ba systematic guide to physical diagnosis / _cNicholas J. Talley, Simon O'Connor |
| 250 | _a6th ed | ||
| 260 |
_aSydney : _bElsevier Churchill Livingstone, _cc2010 |
||
| 300 |
_axviii, 478 p. : _bill. : _c26 cm. ; + _e1 DVD (4 3/4 in.) |
||
| 500 | _aIncludes index. | ||
| 504 | _aIncludes bibliographical references. | ||
| 505 | 2 | _aDisc contains videoclips of clinical examinations | |
| 650 | 1 | 2 |
_aPhysical Examination _xmethods |
| 650 | 2 | 2 | _aDiagnosis |
| 650 | 2 | 2 | _aMedical History Taking |
| 650 | 0 | _aPhysical diagnosis | |
| 700 | 1 | _aO'Connor, Simon | |
| 907 |
_a.b10375752 _b21-09-16 _c20-09-16 |
||
| 003 | |||
| 005 | 20230120204213.0 | ||
| 040 | _cNUST | ||
| 942 |
_cBOOKS _kRC76 _mTAL |
||
| 999 |
_c119001 _d119001 |
||